000 00466cam a2200181ua 4500
001 2340
008 110805n ii |||gr||||Z||||||asm
040 _cMAIN
082 _a150
100 _aMahanta, Prafulla Chandra,
245 1 _aMono bigyanar chamu abhakh
_cby Prafulla Chandra Mahanta
250 _a2nd.
260 _aGuahati:
_bLawyers book stall,962.
300 _a146p:
_c23cm.
653 _aPsychology
653 _aMono bigyanar chamu abhakh
942 _cBK
999 _c2198
_d2198